[Event "Muensterland Verbandsklasse-B 1011"]
[Site "Germany"]
[Date "2010.09.18"]
[Round "1.5"]
[White "Bauer, Thorsten"]
[Black "Broemmel, Chris"]
[Result "0-1"]
[WhiteElo "1591"]
[BlackElo "1824"]
[PlyCount "62"]
[EventDate "2010.09.18"]
[EventType "team-tourn"]
[EventRounds "9"]
[EventCountry "GER"]
[SourceTitle "EXT 2012"]
[Source "ChessBase"]
[SourceDate "2011.11.24"]
[SourceVersion "1"]
[SourceVersionDate "2011.11.24"]
[SourceQuality "1"]
[WhiteTeam "Ibbenbueren"]
[BlackTeam "Raesfeld Erle"]
[WhiteTeamCountry "GER"]
[BlackTeamCountry "GER"]

1. e4 d5 2. exd5 Qxd5 3. Nc3 Qa5 4. Nf3 c6 5. d4 Nf6 6. Bd2 Bg4 7. h3 Bh5 8. g4 Bg6 9. Ne5 e6 10. Bg2 Be7 11. Nd5 Qd8 12. Nxe7 Qxe7 13. Nxg6 hxg6 14. c3 Nbd7 15. Bf4 Nd5 16. Bg3 N7b6 17. Bxd5 Nxd5 18. Qd2 a5 19. c4 Nf6 20. f3 0-0 21. 0-0 Rfd8 22. Rfd1 c5 23. Qc3 cxd4 24. Rxd4 Rxd4 25. Qxd4 Rd8 26. Qc3 b6 27. Qb3 Qb7 28. Rd1 Rd7 29. Rxd7 Nxd7 30. Bd6 Qc6 31. Qb5 Qxd6 0-1

[Event "Muensterland Verbandsklasse-A 0910"]
[Site "Germany"]
[Date "2010.01.09"]
[Round "5.6"]
[White "Metschan, Helmuth"]
[Black "Broemmel, Chris"]
[Result "1-0"]
[WhiteElo "1766"]
[BlackElo "1724"]
[PlyCount "85"]
[EventDate "2009.09.19"]
[EventType "team-tourn"]
[EventRounds "9"]
[EventCountry "GER"]
[SourceTitle "EXT 2011"]
[Source "ChessBase"]
[SourceDate "2010.11.26"]
[SourceVersion "1"]
[SourceVersionDate "2010.11.26"]
[SourceQuality "1"]
[WhiteTeam "Ahaus Wessum II"]
[BlackTeam "Raesfeld Erle"]
[WhiteTeamCountry "GER"]
[BlackTeamCountry "GER"]

1. e4 d5 2. Nc3 d4 3. Nce2 e5 4. Nf3 Nc6 5. Ng3 Nf6 6. a3 Bg4 7. h3 Bd7 8. Bc4 Bd6 9. d3 0-0 10. 0-0 Ne7 11. b4 Ng6 12. c3 dxc3 13. Qc2 b5 14. Bb3 a5 15. bxa5 b4 16. axb4 Bxb4 17. Ba3 Qe7 18. Bxb4 Qxb4 19. Rfb1 Qc5 20. a6 Bb5 21. Ra5 c6 22. Bc4 Qb6 23. Qxc3 Rxa6 24. Rxa6 Qxa6 25. Ra1 Qb6 26. Nxe5 Nf4 27. Qb3 Qd4 28. Bxf7+ Kh8 29. Qa3 Rd8 30. Nf3 Qxd3 31. Qxd3 Nxd3 32. e5 Nd5 33. Bxd5 cxd5 34. Nf5 Kg8 35. Ra7 Rd7 36. Ra8+ Kf7 37. Nd6+ Ke6 38. Nxb5 Nc5 39. Nbd4+ Ke7 40. Nc6+ Ke6 41. Nfd4+ Kf7 42. e6+ Nxe6 43. Ne5+ 1-0